000
003140000a22001330004500
003
MACL
040
_a
MACL
090
_c
5782
_d
5781
100
_a
Thornton, D M
245
_a
Parsi Jaina And Sikh
_b
Some Minor religions Sects in India
260
_b
Mittal Publication
_c
1987
650
_a
Religion
942
_c
BOOK
_k
294
999
_c
5739
_d
5739